000 00227nam a2200085Ia 4500
245 0 _aSleeper's wake
100 _a Morgan Alistair Johannesburg2009, 2009
_991522
942 _cBK
008 210817s9999 xx 000 0 und d
999 _c371167
_d371166